Organización administrativa

Guardat en:
Dades bibliogràfiques
Autor principal: Boloña Kelly, Germán (Autor)
Format: Llibre
Idioma:espanyol
Publicat: Santiago LexisNexis 2008
Edició:1a. ed
Matèries:
Etiquetes: Afegir etiqueta
Sense etiquetes, Sigues el primer a etiquetar aquest registre!

MARC

LEADER 00000nam a2200000 a 4500
001 UCI6856
003 CL-VaPUC
008 080530e20080000CL |||||||||||||||||spa|d
020 |a 9789562387606 
082 0 4 |a 342.06  |b BOL  |2 21 
100 0 |a Boloña Kelly, Germán  |e author  |9 529873 
245 1 0 |a Organización administrativa 
250 |a 1a. ed 
300 |a 417 p 
942 |c BK 
945 |d 20080530 00:00:00  |a rbrito 
260 |a Santiago  |b LexisNexis  |c 2008 
650 0 |a Derecho administrativo  |9 254851 
650 7 |a ORGANIZACION ADMINISTRATIVA  |2 CL-VaPUC  |9 257438 
651 0 |a Francia  |9 255157 
651 7 |a CHILE  |2 CL-VaPUC  |9 529874 
583 |a last modification  |c 20080530 00:00:00  |k Rodrigo Vera 
999 |c 330304  |d 330302 
952 |0 0  |1 0  |4 0  |6 342_060000000000000_BOL_2008  |7 0  |8 A  |9 415797  |a BIBDER  |b BIBDER  |d 2019-11-22  |i 4444795  |o 342.06 BOL 2008  |p 4444795  |r 2023-01-25  |w 2019-11-22  |y BK  |k DER